Biblioteca
Vista normal Vista MARC
  • Literatura peruana

Entrada Tema o Materia

Número de registros utilizados en: 2

001 - NUMERO DE CONTROL

  • Campo de control: 2512

003 - IDENTIFICADOR DEL NUMERO DE CONTROL

  • Campo de control: SpMaBN

005 - HORA Y FECHA DE LA ULTIMA TRANSACCIÓN

  • Campo de control: 20190924112855.0

008 - CAMPO DE LONGITUD FIJA

  • Campo fijo de descripción fija: 920725 n anznnbabn |a ana

016 ## -

  • : BNE19984114325

024 7# -

  • : http://id.loc.gov/authorities/subjects/sh90002273
  • : lcsh

040 ## -

  • : SpMaBN
  • : spa
  • : SpMaBN
  • : rdc
  • : embne

042 ## -

  • : 200701151736PCMPBC BNEP 00

080 ## -

  • : 821.134.2(85)"19"
  • : 2015

150 ## - ENCABEZAMIENTO DE MATERIA-TEMA

  • Téma o Materia: Literatura peruana
  • Subdivisión cronológica: S.XX

670 ## - FUENTE EN LA QUE SE LOCALIZARON DATOS

  • Cita de la fuente : LCSH
  • Información localizada : (Peruvian literature-To 1800)

670 ## - FUENTE EN LA QUE SE LOCALIZARON DATOS

  • Cita de la fuente : UCM
  • Información localizada : (Literatura peruana-S.20)

670 ## - FUENTE EN LA QUE SE LOCALIZARON DATOS

  • Cita de la fuente : RAMEAU
  • Información localizada : (Littérature péruvienne-20e siècle)

750 #7 - ASIENTO LIGADO AL ENCABEZAMIENTO - TEMATICO

  • Encabezamiento temático : Peruvian literature-To 1800
  • Source of heading or term: lcsh

Biblioteca FUSBC | Teléfono: (57+4) 349 88 10 Ext. 141| WhatsApp (+57) 3005338115 
E-mail: biblioteca@unisbc.edu.co | Calle 76 87-14 Robledo Palenque, Medellín, Colombia

Con tecnología Koha